[Event "Rishon Le Ziyyon 9798"]
[Site "Rishon Le Ziyyon"]
[Date "1997.08.23"]
[Round "6"]
[White "Tsesarsky, Ilya"]
[Black "Zak, Uriel"]
[Result "1-0"]
[WhiteElo "2390"]
[BlackElo "2350"]
[Annotator "Tsesarsky,I"]
[PlyCount "63"]
[EventDate "1997.12.25"]
[EventType "swiss"]
[EventRounds "9"]
[EventCountry "ISR"]
[SourceTitle "CBM 060"]
[Source "ChessBase"]
[SourceDate "1997.09.29"]
[SourceVersion "1"]
[SourceVersionDate "1997.09.29"]
[SourceQuality "1"]

1. Nf3 d5 2. d4 Nf6 3. c4 e6 4. Nc3 Be7 5. g3 dxc4 6. Bg2 c5 (6... Nbd7 7. Nd2
Nb6 8. Nxc4 Nxc4 9. Qa4+ Nd7 10. Qxc4 Nb6 11. Qd3 Bf6 12. Be3 $14 {1/2-1/2
Smejkal,J-Boensch,U/Munich op9293 1993 (79)}) (6... a6 7. Ne5 Nbd7 8. Nxc4 O-O
9. O-O c5 10. dxc5 Bxc5 11. Bf4 Qe7 12. Rc1 e5 13. Be3 Rd8 14. Qb3 Rb8 15. Rfd1
Bxe3 16. Nxe3 Nf8 17. Ncd5 $16 {1-0 Najdorf,M-de la Vega,H/Mar del Plata 1967 
(36)}) 7. Qa4+ (7. dxc5 Qxd1+ 8. Nxd1 Nc6 $5 (8... Bxc5 9. Ne5 Bb4+ 10. Bd2
Bxd2+ 11. Kxd2 Ke7 12. Rc1 (12. Nxc4 Rd8+ 13. Ke3 (13. Kc3 Nd5+ 14. Kb3 Nc6 15.
Bxd5 exd5 16. Nce3 d4 $15) 13... Ng4+ 14. Kf3 Rd4 15. Nde3 Nxe3 16. Nxe3 Nc6
17. Nd1 (17. Rhd1 Ne5#) 17... Bd7 $15) 12... Rd8+ 13. Kc3 Nd5+ 14. Kxc4 Nd7 15.
Kd4 N7f6 $15)) 7... Nbd7 8. dxc5 (8. Qxc4 O-O 9. O-O) 8... Bxc5 9. O-O a6 10.
Qxc4 b5 11. Qh4 Bb7 12. Bg5 O-O 13. Rad1 Qb6 $2 (13... Qa5 14. e4 (14. Bxf6
Nxf6 15. Ng5 Bxg2 16. Kxg2 h6 17. Nge4 Be7 $15) 14... b4 15. e5 Nxe5 (15...
bxc3 16. Bxf6 Nxf6 17. exf6 Rfb8 18. Qg5 g6 19. Ne5 Bxg2 20. Kxg2 cxb2 21. Nd7
b1=Q 22. Rxb1 Rxb1 23. Rxb1 $18) 16. Nxe5 Bxg2 17. Nc4 Qc7 18. Bxf6 Bxf1 (18...
gxf6 19. Kxg2 bxc3 20. Qg4+ (20. Qxf6 cxb2 21. Nxb2 Be7 22. Qf3 Rab8 $132)
20... Kh8 21. Qf3 cxb2 (21... Be7 22. Qxc3 $14) 22. Qxf6+ Kg8 23. Nxb2 Be7 $132
) 19. Qg5 $18) 14. e4 $1 $16 (14. b4 Bd6 15. Rd2 Rac8 16. Rfd1 Bb8 17. Be3 Qc7
$11) 14... Rac8 (14... Rad8 15. e5 Bxf3 (15... h6 16. Bxf6 gxf6 17. exf6 Kh7 (
17... Bxf3 18. Bxf3 $18) 18. Ng5+ Kg6 19. Nge4 $18) 16. Bxf6 Nxf6 (16... Bxd1
17. Qg5 $18) 17. exf6 Bxf2+ 18. Rxf2 Bxd1 19. Qg5 $18) 15. e5 Nd5 (15... Bxf3
16. Bxf6 Nxe5 (16... Bxd1 17. Qg5 $18) 17. Bxe5 (17. Qg5 Ng6 18. Bxf3 gxf6 19.
Qxf6 Be7 20. Qd4 Qxd4 21. Rxd4 Bf6 $17) 17... Bxd1 18. Nxd1 $14 (18. Bxg7 Kxg7
19. Qg5+ Kh8 20. Qf6+ Kg8 21. Rxd1 Rfd8 22. Qg5+ Kf8 23. Qh6+ Ke8 $19)) 16.
Nxd5 $1 (16. Ne4 $5 h6 (16... Rfe8 17. Bc1 Be7 18. Qh5 (18. Neg5 h6 19. Qh5
hxg5 20. Nxg5 Bxg5 $19) 18... h6 19. Qg4 (19. Bxh6 gxh6 20. Qxh6 Bf8 21. Qg5+ (
21. Qh5 Bg7 22. Nd6 Nxe5 23. Nxe5 Qxd6 24. Qxf7+ Kh8 (24... Kh7 25. Be4+ $18)
25. Rd4 $18) 21... Bg7 (21... Kh8 22. Qh5+ Kg8 23. Neg5 $18) 22. Nd6 (22. Rxd5
exd5) (22. Qh5 Re7 23. Neg5 Nxe5 $19) 22... Nxe5 23. Nxe8 Nxf3+ 24. Bxf3 Rxe8
25. Rfe1 Nc3 $17) 19... Kf8 20. Qh5 Kg8) 17. Bxh6 gxh6 18. Qxh6 f6 $8 19. Rxd5
Bxd5 20. Qg6+ Kh8 21. exf6 $18) 16... Bxd5 (16... exd5 17. b4 $18) 17. Bf6 $4 (
17. b4 $1 $18) 17... gxf6 18. exf6 Kh8 (18... Rfd8 19. Qg5+ Kf8 20. Rxd5 Bxf2+
21. Rxf2 exd5 22. Ne1 $16) 19. b4 Bxf2+ $2 (19... Bd6 20. Qh6 Rg8 21. Ng5 Rxg5
22. Qxg5 Rg8 23. Qh4 Bxg2 24. Kxg2 Ne5 $19) 20. Rxf2 Rc2 21. Nd4 Rxf2 22. Kxf2
Bxg2 (22... Qd8 $17) 23. Kxg2 e5 24. Nf5 (24. Nf3 Qc6 (24... Qxf6 25. Rxd7) 25.
Re1 Re8 26. Qg5 Rg8 27. Qe3 $11) 24... Qc6+ 25. Kh3 Qf3 26. Qg4 (26. Ne3 Qxe3
27. Rxd7 Qc1 $19) 26... Qxg4+ 27. Kxg4 Nxf6+ 28. Kg5 Ne4+ 29. Kh6 (29. Kh4)
29... Rg8 30. Ne7 Re8 31. Rd7 Rb8 $2 (31... Nf6 32. Rd6 (32. Ra7 Rxe7 $19)
32... Rxe7 33. Rxf6 e4 34. Rf2 e3 35. Re2 Re5 $19) 32. Ra7 $138 1-0